| 000 | 00448nam a2200181 a 4500 | ||
|---|---|---|---|
| 005 | 20240912063805.0 | ||
| 008 | 991125s1954 fr 000 0 spa u | ||
| 035 | _aUPN01000004610 | ||
| 049 | _aF | ||
| 050 | 4 |
_aNX156 _aU5.2 |
|
| 110 | 2 | _aUNESCO | |
| 245 | 0 | 0 |
_aArtes y letras / _cUNESCO. |
| 260 |
_aParís : _bUNESCO, _c1954. |
||
| 300 | _a28 p. | ||
| 440 | 3 |
_aLa UNESCO y su programa ; _v10 |
|
| 650 | 2 |
_aCrítica del arte _9946 |
|
| 905 | _aLibro | ||
| 999 |
_c4610 _d4610 |
||